01325nam a22003497a 4500003000500000005001700005008004100022010001000063011001000073035001000083040000900093090001000102100004500112245013100157260003900288300001900327502009600346590003700442590004100479590004100520590004100561590004100602590004200643650002900685650003600714650002000750901000700770942001000777949004300787999001700830952012800847CHAP20220329135940.0971013s1984 r 00010 d a44546 a45518 a49657 cCHAP aTesis00aTeissier Zavala, Carlos Ernesto.9112003 aComparación de calidad de nuez (Carya illinoensis Koch) para diferentes regiones nogaleras en base a estándares propuestos aMonterrey, N.L. :bEl autor,c1984 a59 h.b: ilus. aTesis (Ing. Agr. Esp. en Producción) -- ITESM. Div. de Ciencias Agropecuarias y Maritimas aALEPHb10c20130110lUCH01h1314 aBATCH-UPDb10c20130109lUCH01h2337 aBATCH-UPDb10c20130110lUCH01h2113 aBATCH-UPDb10c20130410lUCH01h1424 aBATCH-UPDb10c20130914lUCH01h1842 aCONVERSIONb10c20130109lUCH01h132414aNuezxAnálisis.98217214aNuezxNormas de calidad.98218614aPecán.986484 aBK cTESIS bBCcTESd-111931eTS1h17794i49657si c44546d44546 00102local4051708TESISaBCbBCcPA_TESISd2019-12-31fTESISl0oTesisp-111931r2019-12-31 00:00:00w2019-12-31yTESIS